Basic Electrical Engineering (Record no. 1138)

MARC details
000 -LEADER
fixed length control field 00365nam a2200145Ia 4500
008 - FIXED-LENGTH DATA ELEMENTS--GENERAL INFORMATION
fixed length control field 191201s2004 xx 000 0 und d
082 ## - DEWEY DECIMAL CLASSIFICATION NUMBER
Classification number 621.3
Item number MIB
100 ## - MAIN ENTRY--PERSONAL NAME
Personal name Mittle, V N
245 #0 - TITLE STATEMENT
Title Basic Electrical Engineering
250 ## - EDITION STATEMENT
Edition statement 24th
260 ## - PUBLICATION, DISTRIBUTION, ETC. (IMPRINT)
Place of publication, distribution, etc N.Delhi
Name of publisher, distributor, etc Tata mc Graw Hill Pubg. co. Ltd
Date of publication, distribution, etc 2004
300 ## - PHYSICAL DESCRIPTION
Extent 697
650 ## - SUBJECT ADDED ENTRY--TOPICAL TERM
Topical term or geographic name as entry element B.Tech(ECE)
942 ## - ADDED ENTRY ELEMENTS (KOHA)
Source of classification or shelving scheme Dewey Decimal Classification
Koha item type Text Books
942 ## - ADDED ENTRY ELEMENTS (KOHA)
-- 1
Holdings
Withdrawn status Lost status Source of classification or shelving scheme Damaged status Not for loan Collection code Home library Current library Date acquired Source of acquisition Cost, normal purchase price Bill Number Total Checkouts Full call number Acc. no. / Barcode Date last seen Bill Date Koha item type Date last borrowed
    Dewey Decimal Classification     B.Tech(ECE) PIET C-LIBRARY PIET C-LIBRARY 11/08/2006 UBS pub and dis n delhi 195.00 125378   621.3 MIB 1565 04/12/2019 18/08/2005 Text Books  
    Dewey Decimal Classification     B.Tech(ECE) PIET C-LIBRARY PIET C-LIBRARY 11/08/2006 UBS pub and dis n delhi 195.00 125378   621.3 MIB 1566 04/12/2019 18/08/2005 Text Books  
    Dewey Decimal Classification     B.Tech(ECE) PIET C-LIBRARY PIET C-LIBRARY 11/08/2006 UBS pub and dis n delhi 195.00 125378   621.3 MIB 1567 04/12/2019 18/08/2005 Text Books  
    Dewey Decimal Classification     B.Tech(ECE) PIET C-LIBRARY PIET C-LIBRARY 22/08/2006 M/s UBS, Delhi 200.00 125382 2 621.3 MIB 2151 20/06/2025 18/08/2005 Text Books 04/06/2025
    Dewey Decimal Classification     B.Tech(ECE) PIET C-LIBRARY PIET C-LIBRARY 22/08/2006 M/s UBS, Delhi 200.00 125382   621.3 MIB 2152 04/12/2019 18/08/2005 Text Books  
    Dewey Decimal Classification     B.Tech(ECE) PIET C-LIBRARY PIET C-LIBRARY 22/08/2006 M/s UBS, Delhi 200.00 125382 1 621.3 MIB 2153 09/02/2021 18/08/2005 Text Books 16/03/2020

Design & Developed by: PIET Central Library
R70 Miles Stone Pattikalyana Samalkha Panipat 132102
mail ID :- [email protected], Phone No:- 0180-2569700 Ex.216